mysqli: Table './ulib62015/stat_globaluid' is marked as crashed and should be repaired
select id from stat_globaluid where statuid='20260517143521_1954'
mysqli: Table './ulib62015/stat_globaluid' is marked as crashed and should be repaired
DELETE FROM stat_globaluid
WHERE id NOT IN (
SELECT id
FROM (
SELECT id
FROM stat_globaluid
ORDER BY id DESC
LIMIT 100
) foo
);
mysqli: Table './ulib62015/stat_globaluid' is marked as crashed and should be repaired
insert into stat_globaluid set
statuid='20260517143521_1954',
dt='1779003321',
phpself='/ULIB62015/dublinfull.php',
agent='Mozilla/5.0 AppleWebKit/537.36 (KHTML, like Gecko; compatible; ClaudeBot/1.0; +claudebot@anthropic.com)',
yea='2026',
mon='5',
dat='17',
ip='216.73.216.45'
mysqli: Table './ulib62015/stathist_viewbib_bib_type' is marked as crashed and should be repaired
insert into stathist_viewbib_bib_type set
dat='17' ,
mon='05' ,
yea='2026' ,
statuid='20260517143521_1954' ,
head='21292' ,
foot='marc' ,
dt='1779003321'
| LEADER : 01174nam 2200277 a 4500 |
| 001 21292 |
| 003 ULIB |
| 008 030417s2004 caua sb 001 0 eng |
| 050 ^a17 |
| 060 ^aป361a |
| 082 ^aQX |
| 100 ^aประยงค์ ระดมยศ--[และคนอื่นๆ] |
| 245 ^aAtlas of medical parasitology : with 456 colour illustrations |
| 913 ^aImported by ULIBM Administrator |
| 945 ^p0^l0^i000674 |
| 949 ^aImport form external file by ULIBM system |
| คุณยังไม่ได้ล็อกอิน คุณสามารถมีกิจกรรมร่วมกับเว็บไซต์ได้ แต่ต้องล็อกอินก่อน :: |
|
|
|
| ลำดับที่ |
ประเภท |
เลขเรียก/บาร์โค้ด |
สถานที่ |
สถานะ |
| 1. |
 หนังสือ | QX 17 ป361a 2004 ฉ.12 Barcode: 000674 | หนังสือทั่วไป | บนชั้น ขอยืม |
รายการใกล้เคียง
ชื่อเรื่อง [Atlas of medical parasitology : with 456 colour illustrations]
|
|
ยังไม่เคยถูกคอมเมนท์
|
| คอมเมนท์ทรัพยากรรายการนี้ |
|